International banking law and regulation / (Record no. 33512)
[ view plain ]
| 000 -LEADER | |
|---|---|
| fixed length control field | 02764cam a2200313 i 4500 |
| 001 - CONTROL NUMBER | |
| control field | 24210550 |
| 003 - CONTROL NUMBER IDENTIFIER | |
| control field | OSt |
| 005 - DATE AND TIME OF LATEST TRANSACTION | |
| control field | 20260423090823.0 |
| 008 - FIXED-LENGTH DATA ELEMENTS--GENERAL INFORMATION | |
| fixed length control field | 250519s2026 enk b 001 0 eng |
| 010 ## - LIBRARY OF CONGRESS CONTROL NUMBER | |
| LC control number | 2025024006 |
| 020 ## - INTERNATIONAL STANDARD BOOK NUMBER | |
| International Standard Book Number | 9781032662190 |
| Qualifying information | hardback |
| 020 ## - INTERNATIONAL STANDARD BOOK NUMBER | |
| International Standard Book Number | 9781032662183 |
| Qualifying information | paperback |
| 020 ## - INTERNATIONAL STANDARD BOOK NUMBER | |
| Canceled/invalid ISBN | 9781032662220 |
| Qualifying information | ebook |
| 040 ## - CATALOGING SOURCE | |
| Original cataloging agency | MMARA-U |
| Language of cataloging | eng |
| Description conventions | MMARA-U |
| Transcribing agency | MMARA-U |
| Modifying agency | MMARA-U |
| 050 00 - LIBRARY OF CONGRESS CALL NUMBER | |
| Classification number | K1066 |
| Item number | .Z36 2026 |
| 100 1# - MAIN ENTRY--PERSONAL NAME | |
| Personal name | Zambelli, Matteo |
| Relator term | author |
| 9 (RLIN) | 3111 |
| 245 10 - TITLE STATEMENT | |
| Title | International banking law and regulation / |
| Statement of responsibility, etc. | Matteo Zambelli. |
| 260 ## - PUBLICATION, DISTRIBUTION, ETC. (IMPRINT) | |
| Place of publication, distribution, etc. | New York, NY : |
| Name of publisher, distributor, etc. | Routledge, |
| Date of publication, distribution, etc. | [2026. |
| 264 #1 - PRODUCTION, PUBLICATION, DISTRIBUTION, MANUFACTURE, AND COPYRIGHT NOTICE | |
| Place of production, publication, distribution, manufacture | Abingdon, Oxon ; |
| -- | New York, NY : |
| Name of producer, publisher, distributor, manufacturer | Routledge, |
| Date of production, publication, distribution, manufacture, or copyright notice | [2026] |
| 300 ## - PHYSICAL DESCRIPTION | |
| Extent | xxxi, 512 pages : |
| Dimensions | 24 cm. |
| 500 ## - GENERAL NOTE | |
| General note | Includes bibliographical references and index. |
| 504 ## - BIBLIOGRAPHY, ETC. NOTE | |
| Bibliography, etc | Includes bibliographical references and index. |
| 520 ## - SUMMARY, ETC. | |
| Summary, etc. | "International Banking Law and Regulation offers a critical exploration of the legal and regulatory frameworks that govern the global banking sector. Tracing the development of banking from its mediaeval origins to today's complex cross-border financial structures, this book examines how law and regulation underpin financial stability, guide corporate lending, and respond to technologica l and geopolitical change. From the foundations of money and payment, prudential supervision and corporate governance to the intricacies of syndicated lending, ESG finance, securitisation, and Islamic finance, each chapter considers the evolving interaction between legal norms, financial innovation, and regulatory oversight. Special attention is paid to cross-border lending, crisis management, anti-financial crime frameworks, and creditor hierarchies, with comparative insights from major jurisdictions including the UK, EU, US, China, India, and Japan. Written for students of law of banking and finance, early-career practitioners, and policymakers, this volume combines legal analysis with a practical, international outlook. It explains how banking law operates across jurisdictions, enabling financial institutions to manage risk, meet regulatory obligations, and support global economic activity. In a rapidly evolving financial landscape, this book provides a timely and authoritative guide to the legal principles shaping the future of international banking"-- Provided by publisher. |
| 650 #0 - SUBJECT ADDED ENTRY--TOPICAL TERM | |
| Topical term or geographic name as entry element | Banks and banking, International |
| General subdivision | Law and legislation |
| Authority record control number | http://id.loc.gov/authorities/subjects/sh85011657 |
| 9 (RLIN) | 3112 |
| 650 #0 - SUBJECT ADDED ENTRY--TOPICAL TERM | |
| Topical term or geographic name as entry element | Banks and banking, International |
| General subdivision | Law and legislation |
| Geographic subdivision | Great Britain |
| 9 (RLIN) | 3113 |
| 650 #0 - SUBJECT ADDED ENTRY--TOPICAL TERM | |
| Topical term or geographic name as entry element | Bank loans |
| General subdivision | Law and legislation |
| Authority record control number | http://id.loc.gov/authorities/subjects/sh85011577 |
| 9 (RLIN) | 3114 |
| 650 #0 - SUBJECT ADDED ENTRY--TOPICAL TERM | |
| Topical term or geographic name as entry element | Banking law |
| Authority record control number | http://id.loc.gov/authorities/subjects/sh85011597 |
| 9 (RLIN) | 3115 |
| 942 ## - ADDED ENTRY ELEMENTS (KOHA) | |
| Source of classification or shelving scheme | Library of Congress Classification |
| Koha item type | L |
| Withdrawn status | Lost status | Source of classification or shelving scheme | Damaged status | Not for loan | Home library | Current library | Date acquired | Source of acquisition | Cost, normal purchase price | Total Checkouts | Full call number | Barcode | Date last seen | Price effective from | Koha item type |
|---|---|---|---|---|---|---|---|---|---|---|---|---|---|---|---|
| Library of Congress Classification | Maasai Mara University Library -Main Campus | Maasai Mara University Library -Main Campus | 04/23/2026 | Donation | 9049.14 | K1066 .Z36 2026 | 26040809 | 04/23/2026 | 04/23/2026 | L |